Dôsledky, ochrana a zázemie únikov citlivých dát zvnútra firmy

Kategórie citlivých dát firiem. Dôsledky straty firemných dát. Zdroje ohrozenia a ochrana pred únikom dát. Určité aspekty bezpečnosti v oblasti IT riadi na Slovensku zákon o ochrane osobných údajov. Priebežná profilácia zamestnancov, s cieľom určiť potenciálne ohrozenia.

Salvato in:
Dettagli Bibliografici
Autore principale: Černý, Matej, 1982-
Natura: Capitolo di libro
Lingua:slovacco
Soggetti:
Tags: Aggiungi Tag
Nessun Tag, puoi essere il primo ad aggiungerne!!

MARC

LEADER 00000naa a2200000 4500
001 0195734
005 20240502073304.8
041 0 |a slo 
044 |a SK 
245 1 0 |a Dôsledky, ochrana a zázemie únikov citlivých dát zvnútra firmy  |c Matej Černý 
520 |a Kategórie citlivých dát firiem. Dôsledky straty firemných dát. Zdroje ohrozenia a ochrana pred únikom dát. Určité aspekty bezpečnosti v oblasti IT riadi na Slovensku zákon o ochrane osobných údajov. Priebežná profilácia zamestnancov, s cieľom určiť potenciálne ohrozenia. 
610 2 0 |a firmy 
610 2 0 |a dáta 
610 2 0 |a ochrana dát 
610 2 0 |a politika bezpečnostná 
100 1 |a Černý, Matej, 1982-